000 004840000a22001810004500
003 LK-CoMWRAF
005 20230902120049.0
008 230817t1952 ||||| |||| 00| 0 eng d
040 _aLK-CoMWRAF
_dLK-CoMWRAF
_eLK-CoMWRAF
041 _aeng
082 _a396.2
_bSID
100 _aSiddiqi, Mohammad Mazheruddin
245 _aWomen in Islam
260 _aLahore:
_b Institute of Islamic Culture,
_c1952
300 _avi,186p.
_bIndex included
650 _aMUSLIM WOMEN
942 _cBK
999 _c2635
_d2635